[Event "Collado Villalba op 39th"]
[Site "Collado Villalba"]
[Date "2022.08.26"]
[Round "7"]
[White "De Luna Butz, Alberto"]
[Black "Palomares Cortez, Tabata Sofia"]
[Result "1-0"]
[WhiteElo "1659"]
[BlackElo "1235"]
[PlyCount "153"]
[EventDate "2022.08.20"]
[EventType "swiss"]
[EventRounds "9"]
[EventCountry "ESP"]
[SourceTitle "EXT 2023"]
[Source "ChessBase"]
[SourceDate "2022.10.05"]
[SourceVersion "1"]
[SourceVersionDate "2022.10.05"]
[SourceQuality "1"]

1. d4 d5 2. Bf4 Nf6 3. e3 Bf5 4. c4 e6 5. Nc3 Nbd7 6. Qb3 c5 7. Qxb7 cxd4 8. exd4 dxc4 9. Bxc4 Be7 10. Nf3 0-0 11. 0-0 Nb6 12. Bb3 Bb4 13. Qc7 Bg4 14. Qxd8 Rfxd8 15. Be3 Rac8 16. Rac1 Rd7 17. Ne5 Rdc7 18. Nxg4 Nxg4 19. Nb5 Nxe3 20. Rxc7 Nxf1 21. Rxc8+ Nxc8 22. Kxf1 a6 23. Nc3 Nd6 24. f3 Nf5 25. Ne2 Kf8 26. g4 Nd6 27. a3 Ba5 28. a4 Ke7 29. Nc3 h6 30. Ke2 Kf6 31. h4 Bb6 32. Kd3 Kg6 33. Ne2 Kf6 34. Bc4 a5 35. Kc3 Ke7 36. b4 f5 37. Nf4 g5 38. hxg5 hxg5 39. Ng6+ Kf6 40. Ne5 axb4+ 41. Kxb4 Bxd4 42. Nc6 Be3 43. a5 Nb7 44. a6 Bd2+ 45. Kb5 Nd6+ 46. Kc5 Nc8 47. Nd8 Be3+ 48. Kc6 fxg4 49. fxg4 e5 50. Bd3 Ne7+ 51. Kb7 e4 52. Bxe4 Ke5 53. Nc6+ Nxc6 54. Bxc6 Kf4 55. Bd7 Ke5 56. a7 Bxa7 57. Kxa7 Kd6 58. Bf5 Kc7 59. Ka8 Kb6 60. Kb8 Kc6 61. Kc8 Kd6 62. Kd8 Ke5 63. Ke7 Kf4 64. Kf6 Kg3 65. Kxg5 Kh3 66. Kh5 Kg3 67. g5 Kf4 68. Bc8 Ke5 69. Kh6 Kd4 70. g6 Kc3 71. g7 Kb2 72. g8Q Kb1 73. Qg2 Kc1 74. Kg5 Kd1 75. Kf4 Kc1 76. Ke3 Kd1 77. Qd2# 1-0

[Event "Collado Villalba op 39th"]
[Site "Collado Villalba"]
[Date "2022.08.23"]
[Round "4"]
[White "Suarez Paz, Alfonso"]
[Black "De Luna Butz, Alberto"]
[Result "1-0"]
[WhiteElo "1828"]
[BlackElo "1659"]
[PlyCount "27"]
[EventDate "2022.08.20"]
[EventType "swiss"]
[EventRounds "9"]
[EventCountry "ESP"]
[SourceTitle "EXT 2023"]
[Source "ChessBase"]
[SourceDate "2022.10.05"]
[SourceVersion "1"]
[SourceVersionDate "2022.10.05"]
[SourceQuality "1"]

1. d4 e6 2. Bf4 Nf6 3. e3 d5 4. Nf3 Bd6 5. Ne5 0-0 6. Bd3 c5 7. c3 Qc7 8. Nd2 Nbd7 9. Ndf3 Nh5 10. Bxh7+ Kh8 11. Ng5 Nhf6 12. Nexf7+ Rxf7 13. Nxf7+ Kxh7 14. Nxd6 1-0

[Event "Collado Villalba op 39th"]
[Site "Collado Villalba"]
[Date "2022.08.20"]
[Round "1"]
[White "De Luna Butz, Alberto"]
[Black "Vaqueiro Vaqueiro, Alejandro"]
[Result "1-0"]
[WhiteElo "1659"]
[BlackElo "1396"]
[PlyCount "63"]
[EventDate "2022.08.20"]
[EventType "swiss"]
[EventRounds "9"]
[EventCountry "ESP"]
[SourceTitle "EXT 2023"]
[Source "ChessBase"]
[SourceDate "2022.10.05"]
[SourceVersion "1"]
[SourceVersionDate "2022.10.05"]
[SourceQuality "1"]

1. Nf3 Nf6 2. c4 c6 3. g3 d5 4. b3 Bg4 5. Bg2 Nbd7 6. Bb2 e6 7. 0-0 Bd6 8. d4 dxc4 9. bxc4 c5 10. Nc3 Bxf3 11. Bxf3 cxd4 12. Nb5 Bc5 13. Nxd4 0-0 14. Bxb7 Rb8 15. Nc6 Qb6 16. Nxb8 Rxb8 17. Bxf6 Rxb7 18. Bc3 Qc6 19. Qd3 Rb8 20. Rfd1 Nb6 21. Bd4 Rd8 22. Qc3 Bxd4 23. Rxd4 Rc8 24. Rad1 Qc7 25. Qd3 g6 26. Rd8+ Kg7 27. Rxc8 Qxc8 28. Qd4+ f6 29. c5 e5 30. Qd6 Na4 31. Qd7+ Qxd7 32. Rxd7+ 1-0

[Event "Madrid-ch Seniors 50"]
[Site "Madrid"]
[Date "2022.04.07"]
[Round "9"]
[White "Garcia Martin, Esteban"]
[Black "De Luna Butz, Alberto"]
[Result "0-1"]
[WhiteElo "1895"]
[BlackElo "1638"]
[PlyCount "64"]
[EventDate "2022.03.28"]
[EventType "swiss"]
[EventRounds "9"]
[EventCountry "ESP"]
[SourceTitle "EXT 2023"]
[Source "ChessBase"]
[SourceDate "2022.10.05"]
[SourceVersion "1"]
[SourceVersionDate "2022.10.05"]
[SourceQuality "1"]

1. c4 b6 2. Nc3 Bb7 3. d4 e6 4. Nf3 Nf6 5. Bg5 Be7 6. e3 h6 7. Bh4 Ne4 8. Bxe7 Qxe7 9. Bd3 Nxc3 10. bxc3 c5 11. 0-0 Nc6 12. Re1 0-0 13. e4 e5 14. Nxe5 Nxe5 15. dxe5 Qxe5 16. Qd2 Rfe8 17. f4 Qe6 18. Re3 f5 19. e5 d5 20. Qc2 Rf8 21. Qe2 Rad8 22. a4 d4 23. cxd4 Rxd4 24. Qf1 Ba6 25. a5 Bxc4 26. axb6 axb6 27. Qf3 Rfd8 28. Bxc4 Qxc4 29. e6 Rxf4 30. Qh5 Qd4 31. Qf7+ Kh8 32. Rae1 Qxe3+ 0-1

[Event "Madrid-ch Seniors 50"]
[Site "Madrid"]
[Date "2022.04.04"]
[Round "6"]
[White "De Luna Butz, Alberto"]
[Black "Vukotic Jovsic, Dragan"]
[Result "1/2-1/2"]
[WhiteElo "1638"]
[BlackElo "1834"]
[PlyCount "120"]
[EventDate "2022.03.28"]
[EventType "swiss"]
[EventRounds "9"]
[EventCountry "ESP"]
[SourceTitle "EXT 2023"]
[Source "ChessBase"]
[SourceDate "2022.10.05"]
[SourceVersion "1"]
[SourceVersionDate "2022.10.05"]
[SourceQuality "1"]

1. d4 d5 2. c4 e6 3. Nc3 Nf6 4. Nf3 Nbd7 5. Bf4 c5 6. e3 cxd4 7. exd4 dxc4 8. Bxc4 Nb6 9. Bb3 Bd6 10. Bg5 0-0 11. 0-0 Be7 12. Qd2 Nbd5 13. Nxd5 Nxd5 14. Bxd5 Bxg5 15. Qxg5 Qxg5 16. Nxg5 exd5 17. Rac1 f6 18. Nf3 Bd7 19. Rfe1 Kf7 20. Rc7 Rfd8 21. Rxb7 Rab8 22. Rxa7 Rxb2 23. g3 Kf8 24. Kg2 g5 25. h3 h5 26. Re3 Bf5 27. Ree7 g4 28. Rf7+ Kg8 29. Rg7+ Kh8 30. hxg4 hxg4 31. Ne1 Re8 32. Rge7 Be4+ 33. Kf1 Rxe7 34. Rxe7 Rxa2 35. Rc7 Rd2 36. Rc3 Rxd4 37. f3 gxf3 38. Nxf3 Rd3 39. Rxd3 Bxd3+ 40. Kf2 Kg7 41. Ke3 Be4 42. Nd4 Kf7 43. Kf4 Ke7 44. g4 Kd6 45. g5 fxg5+ 46. Kxg5 Kc5 47. Ne6+ Kc4 48. Kf4 Bg6 49. Ke3 Be8 50. Nd4 Bd7 51. Ne2 Bf5 52. Nd4 Bd3 53. Ne6 Kc3 54. Nd4 Ba6 55. Ne6 Bc8 56. Nd4 Bd7 57. Ne2+ Kc4 58. Nd4 Bg4 59. Nc6 Kc5 60. Nd4 Kc4 1/2-1/2

[Event "Madrid-ch Seniors 50"]
[Site "Madrid"]
[Date "2022.04.01"]
[Round "5"]
[White "Lopez Molina, Santiago Jorge"]
[Black "De Luna Butz, Alberto"]
[Result "1-0"]
[WhiteElo "1868"]
[BlackElo "1638"]
[PlyCount "101"]
[EventDate "2022.03.28"]
[EventType "swiss"]
[EventRounds "9"]
[EventCountry "ESP"]
[SourceTitle "EXT 2023"]
[Source "ChessBase"]
[SourceDate "2022.10.05"]
[SourceVersion "1"]
[SourceVersionDate "2022.10.05"]
[SourceQuality "1"]

1. e4 d5 2. exd5 Qxd5 3. d4 e5 4. Nf3 Nc6 5. c4 Qe4+ 6. Be3 exd4 7. Nxd4 Nxd4 8. Qxd4 Bf5 9. Qxe4+ Bxe4 10. Nd2 Bc6 11. 0-0-0 0-0-0 12. Nb3 Rxd1+ 13. Kxd1 Be7 14. Nd4 Be4 15. f3 Bg6 16. g3 Bf6 17. Bh3+ Kb8 18. Ke2 Ne7 19. Rd1 Rd8 20. b3 a6 21. f4 Be4 22. Rd2 b6 23. g4 Bxd4 24. Bxd4 f6 25. Ke3 Bb7 26. g5 fxg5 27. fxg5 g6 28. Bf6 Rxd2 29. Kxd2 Nf5 30. Kd3 Kc8 31. Bxf5+ gxf5 32. Kd4 f4 33. h4 Kd7 34. h5 f3 35. Ke3 Ke6 36. Bd8 b5 37. cxb5 axb5 38. Bxc7 Kf7 39. Bg3 Bc6 40. Kf4 Bb7 41. a4 bxa4 42. bxa4 Ke6 43. Bf2 Bd5 44. Bd4 Bb7 45. a5 Bc6 46. a6 Bb5 47. a7 Bc6 48. g6 h6 49. Kg3 Bd5 50. Be3 Kf5 51. g7 1-0

[Event "Collado Villalba op 38th"]
[Site "Collado Villalba"]
[Date "2021.08.26"]
[Round "6"]
[White "De Luna Butz, Alberto"]
[Black "Perdomo Araujo, Angel Eduardo"]
[Result "0-1"]
[WhiteElo "1677"]
[BlackElo "2025"]
[PlyCount "66"]
[EventDate "2021.08.21"]
[EventType "swiss"]
[EventRounds "9"]
[EventCountry "ESP"]
[SourceTitle "CBM 204 Extra"]
[Source "ChessBase"]
[SourceDate "2021.11.30"]
[SourceVersion "1"]
[SourceVersionDate "2021.11.30"]
[SourceQuality "1"]

1. c4 Nf6 2. Nc3 c5 3. g3 g6 4. Bg2 Bg7 5. e4 Nc6 6. Nge2 0-0 7. 0-0 d6 8. d3 Bg4 9. f3 Bd7 10. Bg5 a6 11. Qd2 Re8 12. Bh6 Bh8 13. Be3 e5 14. Nd5 Nxd5 15. cxd5 Ne7 16. b4 b6 17. bxc5 bxc5 18. Nc3 Rb8 19. Rab1 Qa5 20. Rxb8 Rxb8 21. Rb1 Rb4 22. Rb3 Rxb3 23. axb3 Qb4 24. Qc2 Nc8 25. Bf1 Bf6 26. Nb1 Qa5 27. Bd2 Qb6 28. Na3 c4+ 29. Kg2 cxb3 30. Qb2 Bd8 31. Nc4 Qb5 32. Qa3 Bc7 33. Be2 a5 0-1

[Event "Madrid City-ch Seniors 50"]
[Site "Madrid"]
[Date "2021.04.14"]
[Round "7"]
[White "De Luna Butz, Alberto"]
[Black "Vukotic Jovsic, Dragan"]
[Result "0-1"]
[WhiteElo "1689"]
[BlackElo "1873"]
[PlyCount "102"]
[EventDate "2021.04.06"]
[EventType "swiss"]
[EventRounds "9"]
[EventCountry "ESP"]
[SourceTitle "EXT 2022"]
[Source "ChessBase"]
[SourceDate "2021.10.06"]
[SourceVersion "1"]
[SourceVersionDate "2021.10.06"]
[SourceQuality "1"]

1. d4 d5 2. Bf4 Nf6 3. e3 e6 4. Nd2 Bd6 5. Bxd6 Qxd6 6. f4 c5 7. c3 0-0 8. Bd3 cxd4 9. cxd4 b6 10. Qe2 Nc6 11. a3 a5 12. Ngf3 Nb8 13. 0-0 Ba6 14. Bxa6 Nxa6 15. Rac1 Nc7 16. Ne5 Rab8 17. Rc6 Qe7 18. Rfc1 Rb7 19. b4 axb4 20. axb4 Ra8 21. Qd3 Nfe8 22. Qb3 Nb5 23. Nb1 Ned6 24. R6c2 f6 25. Nd3 Rba7 26. Re2 Nc4 27. Nb2 Nxb2 28. Rxb2 Na3 29. Nd2 Nb5 30. Qd3 Nd6 31. b5 Ra3 32. Rb3 Rxb3 33. Nxb3 Ra3 34. Ra1 Qa7 35. Rxa3 Qxa3 36. Kf2 Qb4 37. Qc2 Qxb5 38. Nd2 Nc4 39. Nxc4 dxc4 40. Qa2 Qd5 41. Qa7 Qc6 42. Ke1 c3 43. Kd1 Qc4 44. Qxb6 Qd3+ 45. Ke1 Qxe3+ 46. Kf1 Qxf4+ 47. Ke2 c2 48. Qd8+ Kf7 49. Qd7+ Kg6 50. Qxe6 c1Q 51. Qe8+ Kh6 0-1

[Event "Madrid City-ch Seniors 50"]
[Site "Madrid"]
[Date "2021.04.09"]
[Round "4"]
[White "De Luna Butz, Alberto"]
[Black "Fiz Criado, Fidel"]
[Result "0-1"]
[WhiteElo "1689"]
[BlackElo "1863"]
[PlyCount "72"]
[EventDate "2021.04.06"]
[EventType "swiss"]
[EventRounds "9"]
[EventCountry "ESP"]
[SourceTitle "EXT 2022"]
[Source "ChessBase"]
[SourceDate "2021.10.06"]
[SourceVersion "1"]
[SourceVersionDate "2021.10.06"]
[SourceQuality "1"]

1. Nf3 Nf6 2. c4 e6 3. g3 d5 4. Bg2 Nc6 5. b3 Be7 6. Bb2 0-0 7. 0-0 d4 8. d3 e5 9. Na3 Ng4 10. h3 Nh6 11. Nc2 f5 12. b4 Bf6 13. b5 Ne7 14. e3 dxe3 15. Bxe5 exf2+ 16. Rxf2 Ng6 17. Bxf6 Qxf6 18. d4 Qd6 19. Kh2 f4 20. g4 Bxg4 21. hxg4 Nxg4+ 22. Kg1 Nxf2 23. Kxf2 Rad8 24. Qe1 Rfe8 25. Qb4 Qf6 26. Re1 Nh4 27. Rxe8+ Rxe8 28. Qd2 Nxg2 29. Kxg2 Qg6+ 30. Kf1 Qe4 31. Ne5 Re6 32. Qg2 f3 33. Nxf3 Qd3+ 34. Kg1 Rg6 35. Ng5 Qd1+ 36. Kh2 Qh5+ 0-1

[Event "Madrid-ch Previa-A"]
[Site "Madrid"]
[Date "2021.02.24"]
[Round "9"]
[White "Giron Herranz, Juan"]
[Black "De Luna Butz, Alberto"]
[Result "1/2-1/2"]
[WhiteElo "1796"]
[BlackElo "1691"]
[PlyCount "112"]
[EventDate "2021.02.08"]
[EventType "swiss"]
[EventRounds "9"]
[EventCountry "ESP"]
[SourceTitle "EXT 2022"]
[Source "ChessBase"]
[SourceDate "2021.10.06"]
[SourceVersion "1"]
[SourceVersionDate "2021.10.06"]
[SourceQuality "1"]

1. d4 c5 2. d5 d6 3. c4 e5 4. e4 Nf6 5. Nc3 Be7 6. Bd3 0-0 7. Nge2 Nbd7 8. 0-0 Ne8 9. f4 exf4 10. Bxf4 Ne5 11. Bxe5 dxe5 12. Ng3 g6 13. Rf2 Bh4 14. Qd2 Qg5 15. Qxg5 Bxg5 16. Re1 Nd6 17. Nb5 Ne8 18. Nf1 a6 19. Nc3 Bd7 20. Ne3 Nd6 21. g3 Rab8 22. b3 b5 23. h4 Bd8 24. Ref1 h5 25. Kg2 Kg7 26. Rf3 f6 27. R3f2 b4 28. Ne2 a5 29. Nc1 a4 30. Kh2 Be7 31. bxa4 Bxa4 32. Nb3 Nf7 33. g4 hxg4 34. Nxg4 Nh6 35. Nxh6 Kxh6 36. Rg2 Rb6 37. Rfg1 Rg8 38. Nd2 Be8 39. Bc2 Ra6 40. Bb3 Ba4 41. Nf1 Bxb3 42. axb3 Ra3 43. Rb2 Rga8 44. Ng3 Ra2 45. Rgb1 Rxb2+ 46. Rxb2 Ra1 47. h5 f5 48. hxg6 Kxg6 49. Nxf5 Bg5 50. Kg2 Re1 51. Kf3 Rf1+ 52. Kg3 Rg1+ 53. Kf3 Rf1+ 54. Ke2 Rh1 55. Kf3 Rf1+ 56. Kg2 Re1 1/2-1/2

[Event "Calvia Amateur op 17th"]
[Site "Calvia"]
[Date "2020.10.18"]
[Round "9"]
[White "De Luna Butz, Alberto"]
[Black "Lopez Gonzalez, Miguel"]
[Result "1-0"]
[WhiteElo "1671"]
[BlackElo "1829"]
[PlyCount "59"]
[EventDate "2020.10.10"]
[EventType "swiss"]
[EventRounds "9"]
[EventCountry "ESP"]
[SourceTitle "CBM 198 Extra"]
[Source "ChessBase"]
[SourceDate "2020.11.30"]
[SourceVersion "1"]
[SourceVersionDate "2020.11.30"]
[SourceQuality "1"]

1. Nf3 c5 2. c4 Nc6 3. Nc3 g6 4. g3 Bg7 5. Bg2 Nf6 6. d4 cxd4 7. Nxd4 Qb6 8. Nb3 d6 9. Be3 Qd8 10. c5 Ng4 11. Bg5 h6 12. Bd2 dxc5 13. Nxc5 Bd4 14. Nd3 Qb6 15. e3 Bf5 16. Nf4 Nxf2 17. Kxf2 Ne5 18. Qa4+ Bd7 19. Qxd4 Qf6 20. Ncd5 Ng4+ 21. Kg1 Qxd4 22. exd4 Rc8 23. Rc1 Rxc1+ 24. Bxc1 0-0 25. h3 Nf6 26. Nxe7+ Kh7 27. Kf2 Re8 28. Re1 Be6 29. Nfd5 Rc8 30. Nxf6+ 1-0

[Event "Calvia Amateur op 17th"]
[Site "Calvia"]
[Date "2020.10.17"]
[Round "8"]
[White "Moreno Garcia, Alfonso"]
[Black "De Luna Butz, Alberto"]
[Result "1/2-1/2"]
[WhiteElo "2002"]
[BlackElo "1671"]
[PlyCount "26"]
[EventDate "2020.10.10"]
[EventType "swiss"]
[EventRounds "9"]
[EventCountry "ESP"]
[SourceTitle "CBM 198 Extra"]
[Source "ChessBase"]
[SourceDate "2020.11.30"]
[SourceVersion "1"]
[SourceVersionDate "2020.11.30"]
[SourceQuality "1"]

1. e4 e6 2. d4 d5 3. Nc3 dxe4 4. Nxe4 Bd7 5. Nf3 Bc6 6. Bd3 Nd7 7. 0-0 Ngf6 8. Qe2 Nxe4 9. Bxe4 Bxe4 10. Qxe4 c6 11. Re1 Be7 12. b3 0-0 13. Bb2 Qa5 1/2-1/2

[Event "Calvia Amateur op 17th"]
[Site "Calvia"]
[Date "2020.10.15"]
[Round "6"]
[White "Cote, Frederic"]
[Black "De Luna Butz, Alberto"]
[Result "1/2-1/2"]
[WhiteElo "1898"]
[BlackElo "1671"]
[PlyCount "69"]
[EventDate "2020.10.10"]
[EventType "swiss"]
[EventRounds "9"]
[EventCountry "ESP"]
[SourceTitle "CBM 198 Extra"]
[Source "ChessBase"]
[SourceDate "2020.11.30"]
[SourceVersion "1"]
[SourceVersionDate "2020.11.30"]
[SourceQuality "1"]

1. d4 Nf6 2. Nf3 e6 3. e3 d5 4. Bd3 Bd6 5. b3 b6 6. 0-0 0-0 7. Bb2 Ba6 8. c4 c5 9. Nbd2 Qe7 10. Rc1 Nbd7 11. Ne5 Rac8 12. Nxd7 Nxd7 13. Nf3 cxd4 14. Nxd4 dxc4 15. bxc4 Rfd8 16. Nb5 Bxb5 17. cxb5 Nc5 18. Bd4 Nxd3 19. Rxc8 Rxc8 20. Qxd3 Bc5 21. Qc3 f6 22. f4 Rc7 23. Rc1 Bd6 24. Qb2 Bc5 25. Qb3 Kf7 26. f5 Bd6 27. Rxc7 Bxc7 28. Qc4 Qd6 29. fxe6+ Ke7 30. g3 Bb8 31. Qc8 Qc7 32. Qg8 Qc1+ 33. Kg2 Qc2+ 34. Kh3 Qf5+ 35. Kg2 1/2-1/2

[Event "Calvia Amateur op 17th"]
[Site "Calvia"]
[Date "2020.10.14"]
[Round "5"]
[White "De Luna Butz, Alberto"]
[Black "Andreu Lopez, Santiago"]
[Result "0-1"]
[WhiteElo "1671"]
[BlackElo "1845"]
[PlyCount "82"]
[EventDate "2020.10.10"]
[EventType "swiss"]
[EventRounds "9"]
[EventCountry "ESP"]
[SourceTitle "CBM 198 Extra"]
[Source "ChessBase"]
[SourceDate "2020.11.30"]
[SourceVersion "1"]
[SourceVersionDate "2020.11.30"]
[SourceQuality "1"]

1. c4 Nf6 2. Nc3 g6 3. g3 Bg7 4. Bg2 0-0 5. e4 d6 6. Nge2 c5 7. d4 cxd4 8. Nxd4 Nc6 9. h3 Nxe4 10. Nxc6 Nxc3 11. Nxd8 Nxd1 12. Nxb7 Nxb2 13. Nxd6 Rb8 14. Nxc8 Nd3+ 15. Ke2 Rfxc8 16. Kxd3 Bxa1 17. Bf4 e5 18. Be3 Rd8+ 19. Bd5 Bd4 20. Bg5 Rd7 21. f4 Kg7 22. Rh2 f6 23. Bh4 Bc5 24. fxe5 fxe5 25. Ke4 Bd4 26. g4 h6 27. Bg3 Re7 28. Rc2 a5 29. c5 a4 30. c6 a3 31. Bb3 Kf6 32. Be1 Ra7 33. h4 Ke7 34. Bd2 Kd6 35. Bxh6 Rxb3 36. axb3 a2 37. c7 a1Q 38. c8Q Qh1+ 39. Kd3 Qf3+ 40. Kd2 Qf2+ 41. Kd3 e4+ 0-1

[Event "Chigorin Memorial 27th"]
[Site "St Petersburg"]
[Date "2019.10.12"]
[Round "8"]
[White "Shohradova, Lala"]
[Black "De Luna Butz, Alberto"]
[Result "1-0"]
[WhiteElo "2024"]
[BlackElo "1770"]
[PlyCount "95"]
[EventDate "2019.10.05"]
[EventType "swiss"]
[EventRounds "9"]
[EventCountry "RUS"]
[SourceTitle "EXT 2021"]
[Source "ChessBase"]
[SourceDate "2020.10.23"]
[SourceVersion "1"]
[SourceVersionDate "2020.10.23"]
[SourceQuality "1"]

1. d4 c5 2. c3 cxd4 3. cxd4 d5 4. Nf3 Nc6 5. Nc3 Nf6 6. e3 a6 7. Bd3 Bg4 8. 0-0 Bxf3 9. Qxf3 e6 10. a3 Rc8 11. Bd2 Na5 12. Rab1 Nc4 13. Be1 Be7 14. Qe2 Nb6 15. f4 g6 16. Bh4 Nc4 17. Bxc4 Rxc4 18. Bxf6 Bxf6 19. Ne4 Rc7 20. Nc5 0-0 21. b4 Be7 22. Rfc1 Qa8 23. g4 a5 24. Qe1 a4 25. Qe2 b6 26. Nd3 Rfc8 27. Qd2 Bd6 28. Rxc7 Rxc7 29. Rc1 Qc8 30. Rxc7 Qxc7 31. Qc1 Qc4 32. Qxc4 dxc4 33. Nc1 f6 34. Ne2 e5 35. Kf2 exf4 36. exf4 Kf7 37. Ke3 g5 38. fxg5 fxg5 39. h3 Kg6 40. Ke4 Kf6 41. Kd5 Bf4 42. Kxc4 Ke6 43. Kd3 Kd5 44. Nc3+ Kc6 45. d5+ Kc7 46. Nxa4 Bc1 47. Nc3 Bxa3 48. Nb5+ 1-0

[Event "Chigorin Memorial 27th"]
[Site "St Petersburg"]
[Date "2019.10.07"]
[Round "3"]
[White "De Luna Butz, Alberto"]
[Black "Khadzhiev, Valery"]
[Result "0-1"]
[WhiteElo "1770"]
[BlackElo "2056"]
[PlyCount "50"]
[EventDate "2019.10.05"]
[EventType "swiss"]
[EventRounds "9"]
[EventCountry "RUS"]
[SourceTitle "EXT 2020"]
[Source "ChessBase"]
[SourceDate "2019.10.17"]
[SourceVersion "1"]
[SourceVersionDate "2019.10.17"]
[SourceQuality "1"]

1. Nf3 d5 2. c4 e6 3. g3 Nf6 4. Bg2 Be7 5. 0-0 0-0 6. b3 Ne4 7. Bb2 Bf6 8. Qc2 Bxb2 9. Qxb2 c6 10. d3 Nf6 11. Nbd2 Nbd7 12. d4 Qe7 13. c5 Re8 14. Ne5 Nxe5 15. dxe5 Nd7 16. b4 b6 17. cxb6 axb6 18. Rfc1 Bb7 19. b5 c5 20. Nc4 Ra7 21. Nd6 Rd8 22. a4 Ba8 23. a5 Rxa5 24. Rxa5 bxa5 25. b6 Bc6 0-1

[Event "Collado Villalba op-B 36th"]
[Site "Collado Villalba"]
[Date "2019.08.27"]
[Round "5"]
[White "Bahillo Vallejo, Ignacio"]
[Black "De Luna Butz, Alberto"]
[Result "1/2-1/2"]
[WhiteElo "1721"]
[BlackElo "1755"]
[PlyCount "97"]
[EventDate "2019.08.23"]
[EventType "swiss"]
[EventRounds "9"]
[EventCountry "ESP"]
[SourceTitle "CBM 192 Extra"]
[Source "Chessbase"]
[SourceDate "2019.11.06"]
[SourceVersion "1"]
[SourceVersionDate "2019.11.06"]
[SourceQuality "1"]

1. Nf3 d5 2. d4 c5 3. c3 cxd4 4. cxd4 Nc6 5. Nc3 Nf6 6. e3 a6 7. a3 Bf5 8. Bd3 Bxd3 9. Qxd3 e6 10. Bd2 Bd6 11. Rc1 0-0 12. 0-0 Rc8 13. Ne2 Ne4 14. Ng3 f5 15. Qb3 b5 16. Rc2 Rf7 17. Rfc1 Rfc7 18. Be1 Qd7 19. Qd3 g5 20. Nd2 Na5 21. Ndxe4 dxe4 22. Qe2 Rxc2 23. Rxc2 Rxc2 24. Qxc2 Nc4 25. Bc3 Qc7 26. Nf1 Nb6 27. Qb3 Qc4 28. Qxc4 Nxc4 29. Nd2 Nb6 30. g3 Nd5 31. Nb1 g4 32. b4 Kf7 33. Kf1 Ke8 34. Ke2 Kd7 35. Kd1 Kc6 36. Kc2 h5 37. Bd2 Nb6 38. Bc3 Nc4 39. Bb2 a5 40. bxa5 Nxa5 41. Nd2 Kd5 42. Kc3 Nc6 43. Kb3 b4 44. Nc4 Be7 45. Nb6+ Kd6 46. Nc8+ Kc7 47. Nxe7 Nxe7 48. Kxb4 Nd5+ 49. Kc4 1/2-1/2

[Event "Collado Villalba op-B 36th"]
[Site "Collado Villalba"]
[Date "2019.08.26"]
[Round "4"]
[White "De Luna Butz, Alberto"]
[Black "Criado Riesgo, Manuel"]
[Result "1-0"]
[WhiteElo "1755"]
[BlackElo "1688"]
[PlyCount "63"]
[EventDate "2019.08.23"]
[EventType "swiss"]
[EventRounds "9"]
[EventCountry "ESP"]
[SourceTitle "CBM 192 Extra"]
[Source "Chessbase"]
[SourceDate "2019.11.06"]
[SourceVersion "1"]
[SourceVersionDate "2019.11.06"]
[SourceQuality "1"]

1. c4 e6 2. Nf3 d5 3. g3 Nf6 4. Bg2 c6 5. b3 Be7 6. 0-0 b6 7. Bb2 Nbd7 8. Nc3 Ba6 9. d3 0-0 10. e4 dxe4 11. dxe4 Qc7 12. Qe2 Rad8 13. e5 Ng4 14. Rfe1 Bc5 15. Nd1 b5 16. h3 Nh6 17. Ne3 Bxe3 18. Qxe3 Nf5 19. Qc3 bxc4 20. bxc4 Nc5 21. Ba3 Rd3 22. Qb4 Nd7 23. Qa4 Rxa3 24. Qxa3 Bxc4 25. g4 Nh6 26. Qc3 Bd5 27. Nd2 Qb6 28. Nc4 Qc5 29. Rac1 f5 30. exf6 Rxf6 31. Ne3 Qb6 32. g5 1-0

[Event "Collado Villalba op-B 36th"]
[Site "Collado Villalba"]
[Date "2019.08.23"]
[Round "1"]
[White "Orta Vazquez, Mario"]
[Black "De Luna Butz, Alberto"]
[Result "0-1"]
[WhiteElo "1426"]
[BlackElo "1755"]
[PlyCount "82"]
[EventDate "2019.08.23"]
[EventType "swiss"]
[EventRounds "9"]
[EventCountry "ESP"]
[SourceTitle "CBM 192 Extra"]
[Source "Chessbase"]
[SourceDate "2019.11.06"]
[SourceVersion "1"]
[SourceVersionDate "2019.11.06"]
[SourceQuality "1"]

1. c4 e6 2. Nc3 Nf6 3. Nf3 d5 4. e3 c5 5. d4 Nc6 6. Be2 dxc4 7. Bxc4 cxd4 8. exd4 Be7 9. Bf4 a6 10. 0-0 0-0 11. a3 b5 12. Bd3 Bb7 13. Rc1 Rc8 14. Re1 h6 15. h3 Nd5 16. Nxd5 Qxd5 17. Be4 Qd7 18. Bxc6 Rxc6 19. Ne5 Rxc1 20. Qxc1 Qd5 21. Nf3 Rc8 22. Qe3 Rc2 23. Rc1 Rxb2 24. Rc7 Rb1+ 25. Kh2 Bd6 26. Bxd6 Qxd6+ 27. Qe5 Qxe5+ 28. Nxe5 Bd5 29. Nxf7 Ra1 30. Ne5 Rxa3 31. Ng6 b4 32. Rc8+ Kf7 33. Ne5+ Ke7 34. Rc7+ Kd8 35. Rxg7 b3 36. Rg8+ Kc7 37. Rg7+ Kb6 38. Nd3 Ra2 39. Rg8 Kb5 40. Rb8+ Kc4 41. Nc1 Rxf2 0-1

[Event "Madrid-ch sf"]
[Site "Madrid"]
[Date "2019.05.07"]
[Round "2"]
[White "De Luna Butz, Alberto"]
[Black "Gonzalez Rivera, Eduardo"]
[Result "1/2-1/2"]
[WhiteElo "1775"]
[BlackElo "1998"]
[PlyCount "61"]
[EventDate "2019.05.06"]
[EventType "swiss"]
[EventRounds "9"]
[EventCountry "ESP"]
[SourceTitle "CBM 190 Extra"]
[Source "ChessBase"]
[SourceDate "2019.07.15"]
[SourceVersion "1"]
[SourceVersionDate "2019.07.15"]
[SourceQuality "1"]

1. Nf3 d5 2. c4 c6 3. b3 Nf6 4. Bb2 e6 5. g3 Nbd7 6. Bg2 b6 7. 0-0 Bb7 8. Nc3 Be7 9. Qc2 0-0 10. d4 c5 11. cxd5 exd5 12. dxc5 Nxc5 13. Rfd1 Rc8 14. Rac1 Nce4 15. Qb1 Nxc3 16. Rxc3 Rxc3 17. Bxc3 Ne4 18. Bd4 Bf6 19. Qb2 Bxd4 20. Nxd4 Qf6 21. e3 Rc8 22. Bxe4 dxe4 23. Rc1 h5 24. Rxc8+ Bxc8 25. Qc2 Bf5 26. Qc6 Qxc6 27. Nxc6 Kf8 28. Kf1 Bd7 29. Nd4 Ke7 30. Ke1 Kf6 31. h4 1/2-1/2

[Event "Madrid-ch sf"]
[Site "Madrid"]
[Date "2019.05.06"]
[Round "1"]
[White "Cabanas Bravo, Juan Andres"]
[Black "De Luna Butz, Alberto"]
[Result "1/2-1/2"]
[WhiteElo "2010"]
[BlackElo "1775"]
[PlyCount "105"]
[EventDate "2019.05.06"]
[EventType "swiss"]
[EventRounds "9"]
[EventCountry "ESP"]
[SourceTitle "CBM 190 Extra"]
[Source "ChessBase"]
[SourceDate "2019.07.15"]
[SourceVersion "1"]
[SourceVersionDate "2019.07.15"]
[SourceQuality "1"]

1. e4 d5 2. exd5 Qxd5 3. Nc3 Qd8 4. d4 Nf6 5. Nf3 Bg4 6. h3 Bxf3 7. Qxf3 c6 8. Be3 e6 9. Bd3 Bd6 10. 0-0-0 Nbd7 11. Kb1 Qc7 12. g4 0-0 13. Ne2 c5 14. c3 c4 15. Bc2 b5 16. Rhg1 Rfb8 17. Nf4 Nb6 18. g5 Nfd5 19. Rg4 Bxf4 20. Bxf4 Nxf4 21. Rxf4 Nd5 22. Bxh7+ Kf8 23. Re4 Rb6 24. Rde1 Qd7 25. Re5 Rab8 26. Be4 Ne7 27. g6 Ng8 28. Bc2 b4 29. Ba4 Qb7 30. Qxf7+ Qxf7 31. gxf7 Kxf7 32. b3 bxc3 33. Kc2 Nf6 34. Kxc3 Nd5+ 35. Kxc4 Rc8+ 36. Kd3 Rc3+ 37. Kd2 Rxh3 38. Bd7 Nf4 39. R1e3 Ke7 40. Bc8 Rc6 41. Bb7 Rc7 42. Ba6 Rh2 43. Rf3 Ng6 44. Rg5 Nh4 45. Rxg7+ Kd6 46. Rxc7 Nxf3+ 47. Ke3 Kxc7 48. Kxf3 Kd6 49. Bc4 Rh1 50. Ke4 Re1+ 51. Kd3 a5 52. a4 Rf1 53. Ke2 1/2-1/2